header

Culture and career development (Record no. 144561)

MARC details
000 -LEADER
fixed length control field 01111nam a2200277Ia 4500
245 00 - TITLE STATEMENT
Title Culture and career development
260 ## - PUBLICATION, DISTRIBUTION, ETC. (IMPRINT)
Place of publication Bradford :
Name of publisher Emerald Group Press,
Year of publication c2007.
300 ## - PHYSICAL DESCRIPTION
Number of Pages 81 p.
490 0# - SERIES STATEMENT
Series statement International Journal of Contemporary Hospitality Management ;
650 #0 - SUBJECT ADDED ENTRY--TOPICAL TERM
Topical Term Hospitality industry
Topical Term Career development.
700 1# - ADDED ENTRY--PERSONAL NAME
Personal name Johns, Nick.
856 40 - ELECTRONIC LOCATION AND ACCESS
Uniform Resource Identifier http://site.ebrary.com/lib/rucke/Doc?id=10185525

No items available.

© 2026 Rongo University
Contact us: librarian | system librarian | Rongo university